000 00347pam a2200145 a 4500
020 _a0721638643
_c
041 _aeng
082 _a616
_bRAK
100 _aRAKEL, R .
245 _aCONN`S CURRENT THERAPY 2005 /
_hTextual Documents
260 _a[s.l]:
_bELSEVIER , ,
_c2005.
300 _a1486 ;
_cA4.
930 _a128
999 _c794664
_d794664
650 _aGEN.MEDICINE